Pekeliling Kemajuan Pentadbiran Awam dan Profil Perkhidmatan Awam Malaysia

Bibliographic Details
Corporate Author: MALAYSIA
Format: Book
Published: Kuala Lumpur : MDC Publishers , 2008
Series:Undang-undang Malaysia
Subjects:

MARC

LEADER 00000cam a2200000 7i4500
001 0000003697
005 20090108.0
020 0 0 |a 9677011650 
090 0 0 |a 354.595007   |b MAL 2008 
110 1 0 |a MALAYSIA 
245 1 0 |a Pekeliling Kemajuan Pentadbiran Awam dan Profil Perkhidmatan Awam Malaysia 
260 0 0 |a Kuala Lumpur :   |b MDC Publishers ,   |c 2008 
300 |a v, 682 p. ;   |c 27 cm. 
440 0 0 |a Undang-undang Malaysia 
650 0 0 |a Civil services   |z Malaysia 
650 0 0 |a Public administrations   |z Malaysia 
998 |a JPSM 
999 |a 0000007441   |b Monograph   |c Open Shelf   |e Default branch 
999 |a 0000007442   |b Monograph   |c Open Shelf   |e Default branch 
999 |a 0000007443   |b Monograph   |c Open Shelf   |e Default branch 
999 |a 0000007444   |b Monograph   |c Open Shelf   |e Default branch 
999 |a 0000074440   |b Monograph   |c Open Shelf   |e Default branch